000 00579nam a2200229Ia 4500
003 OSt
005 20220918203650.0
006 a|||||r|||| 00| 0
007 ta
008 220917b |||||||| |||| 00| 0 eng d
024 _a109,436
037 _cTextual
040 _aARTS
_cARTS
_beng
041 _2eng
_aeng
082 _aV45, K2
100 _aShearman John
_9109465
245 0 _aLand and people of Iran
260 _aLondon
_bAdam and Charles
_c1962
650 _aHISTORY
942 _hV45, K2
_cTEXL
_2CC
999 _c232789
_d232789